| 000 | 00706nas a2200241 4500 | ||
|---|---|---|---|
| 001 | BR0808072 | ||
| 003 | BR-BrBNA | ||
| 005 | 20231205112807.0 | ||
| 007 | ta | ||
| 008 | 230509b bl.|||p| |||| 00| 00por d | ||
| 040 |
_aBR-BrBNA _bpor _cBiblioteca Nacional de Agricultura |
||
| 041 | _a(Pt) | ||
| 072 | _aL70 | ||
| 100 | 1 | _aBaccarin, R.Y.A. | |
| 100 | 1 | _aAlvarenga, J. de | |
| 245 | 1 | _aToracotomia em eqüinos | |
| 650 | _aCAVALO | ||
| 650 | _aVETERINÁRIA | ||
| 650 | _aTORACOTOMIA | ||
| 773 | 0 |
_tBrazilian Journal of Veterinary Research and Animal Science (Brazil) _xISSN 1413-9596 _g(1999), v. 36(4/6) p. 290-295 _wBR0808072 |
|
| 909 |
_a202311 _bLúcia _c55 _dLúcia Elande |
||
| 942 |
_2AGRIS _n0 _cANA |
||
| 999 |
_c200029 _d200029 |
||